Vlastníctvo zaväzuje Mať majetok je základné ľudské právo
Vlastnícke právo v intenciách ustanovení Občianskeho zákonníka ako základné vecné právo. Práva a povinnosti vlastníkov. Nepremlčateľnosť vlastníckeho práva. Ochrana proti neoprávneným zásahom do vlastníckeho práva. Možnosť ochrany práv svojpomocou.
Guardado en:
| Autor principal: | |
|---|---|
| Formato: | Capítulo de libro |
| Lenguaje: | eslovaco |
| Materias: | |
| Etiquetas: |
Sin Etiquetas, Sea el primero en etiquetar este registro!
|
MARC
| LEADER | 00000naa a2200000 4500 | ||
|---|---|---|---|
| 001 | r016557 | ||
| 005 | 20221213114257.8 | ||
| 041 | 0 | |a slo | |
| 044 | |a SK | ||
| 245 | 1 | 0 | |a Vlastníctvo zaväzuje |b Mať majetok je základné ľudské právo |c J. Roháč |
| 520 | |a Vlastnícke právo v intenciách ustanovení Občianskeho zákonníka ako základné vecné právo. Práva a povinnosti vlastníkov. Nepremlčateľnosť vlastníckeho práva. Ochrana proti neoprávneným zásahom do vlastníckeho práva. Možnosť ochrany práv svojpomocou. | ||
| 610 | 2 | 0 | |a vlastníctvo |
| 610 | 2 | 0 | |a práva majetkové |
| 610 | 2 | 0 | |a zákonník občiansky |
| 610 | 2 | 0 | |a ochrana právna |
| 610 | 2 | 0 | |a predpisy právne |
| 100 | 1 | |a Roháč, J. | |